Hľadanie strateného autora rozhovory s Luciferom

Bibliographic Details
Main Author: Mitana, Dušan, 1946-2019 (Author)
Other Authors: Gális, Jozef, 1939- (Illustrator), Sikora, Rudolf, 1946- (Illustrator)
Format: Book
Language:Slovak
PhysicalDescription:247 s. 19 cm
Published: Bratislava Smena 1991
ISBN:8022101699
Edition:1. vyd.
Series:Erb
Subjects:

MARC

LEADER 00000cam a2200000 a 4500
001 vtls001067036
003 SK-MaSNL
005 20260301232735.0
008 251029s1991 xo a e 0000fdslo
015 |a SNBA1992/02 
020 |a 8022101699  |q (viaz.) 
035 |a SNK000009866 
040 |a SNK  |b slo  |c SNK  |e AACR2 
041 0 |a slo 
044 |a xo  |c SK 
080 |a 885.4-3  |2 1981 
100 1 |a Mitana, Dušan,  |d 1946-2019  |4 aut  |9 184370 
245 1 0 |a Hľadanie strateného autora  |b rozhovory s Luciferom  |c Dušan Mitana ; Rudolf Sikora, Jozef Gális 
250 |a 1. vyd. 
260 |a Bratislava  |b Smena  |c 1991 
300 |a 247 s.  |c 19 cm 
490 1 |a Erb  |v zv. 64 
500 |a Ilustr. na front. Rozlož. tit. list. 
655 7 |a slovenská próza  |2 SNKPH  |9 104890 
700 1 |a Gális, Jozef,  |d 1939-  |4 ill  |9 220181 
700 1 |a Sikora, Rudolf,  |d 1946-  |4 ill  |9 93399 
830 0 |a Erb  |9 276889 
852 |a Akadémia umení v Banskej Bystrici 
919 |a 80-221-0169-9 
958 |a [BK] 
958 |a LX 
958 |a SV 
958 |a TL 
999 |c 962613  |d 964543 
952 |t P60, <05>, [BOOK], {605}  |a SNK  |b SNK  |y PREZ  |7 0  |p 17A0034458  |o snkSD 63875 D1  |0 0  |1 0  |4 0  |d 1997-01-24  |l 0  |r 2004-12-31 00:00:00  |w 2026-02-24 
952 |t P60, <03>, [BOOK], {603}  |a SNK  |b SNK  |y PREZ  |7 0  |p 17A0227348  |o snkSD 63875  |0 0  |1 0  |4 0  |d 2000-02-15  |l 0  |r 2004-12-31 00:00:00  |w 2026-02-24